| 000 | 00665cam a2200217 a 4500 | ||
|---|---|---|---|
| 020 | _a0070632774 (student ed.) | ||
| 020 | _a0070632820 (instructor's ed.) | ||
| 040 | _cDLC | ||
| 082 | 0 | 0 | _a512 HIL 1998 A034 Or. |
| 100 | 1 | _aStreeter, James | |
| 245 | 1 | 0 | _aIntermediate algebra / |
| 250 | _a3rd ed. | ||
| 260 |
_aBoston : _bMcGraw-Hill, _cc1998. |
||
| 300 |
_axiii, 720 p. : _bill. (some col.) ; _c28 cm. + _e1 computer laser optical disc (4 3/4 in.) |
||
| 500 | _aIncludes index. | ||
| 650 | 0 | _aAlgebra. | |
| 700 | 1 | _aHutchison, Donald, | |
| 700 | 1 | _aHoelzle, Louis F. | |
| 856 | 4 | 2 | _uhttp://www.loc.gov/catdir/description/mh023/97044114.html |
| 942 | _cEK | ||
| 999 |
_c12546 _d12546 |
||